00617nam a22001695i 4500001000700000003000900007005001700016008004100033040002000074100003600094245005700130260004400187300003400231490004900265830004900314852008400363158335ES-MaACL20230906211111.0040830s1876 gw |||| | eng d aCAM bspa cCAM1 aMacDonald, George (d1824-1905)10aSt. George and St. Michael / cby George Mac Donald. aLeipzig : bBernhard Tauchnitz, c1876. a2 v. (311; 294 p.) ; c16 cm.1 aCollection of british authors ; v1551; 15520 aCollection of british authors ; v1551; 1552 aES-MaACLjG-12651 z-- Enc. hol. conservando la cub. original z-- 2 t. en 1 v.